000 00703nam a2200205Ii 4500
003 JO-AjNU
008 230605s9999||||xx |||||||||||||| ||und||
040 _aJO-AjNU
_bara
_erda
_cJO-AjNU
041 _aara
050 1 4 _aBX830.L4212 1990
100 3 _aليدل، ليوبولد ؛ ترجمة: تحسين حجازي,
_eauthor
_99824
245 0 0 _aأسرار الفاتيكان
250 _aط1
264 3 1 _aبيروت: دار التضامن للطباعة والنشر والتوزيع، 1990
300 _a280ص
_bوثائق وصور ص 263-278
336 _atext
_btxt
_2rdacontent
337 _aunmediated
_bn
_2rdamedia
338 _avolume
_bnc
_2rdacarrier
650 4 _aالفاتيكان
_99825
999 _aA1496
_c5064
_d5064